| 000 | 00446cam a22001217a 4500 | ||
|---|---|---|---|
| 008 | 180718b2001 xxu||||| |||| 00| 0 eng d | ||
| 082 | _aPROJ.REP. 2001/ARO | ||
| 100 | _aArora, Dolly | ||
| 245 |
_aPanchayati raj and local governance: a comparative study of Haryana, Madhya Pradesh and Maharashtra _cby Dolly Arora |
||
| 260 |
_aNew Delhi _bIndian Institute of Public Administration _c2001 |
||
| 300 | _a229p. | ||
| 440 | _aIIPA Working Paper, 2001: 1 | ||
| 999 |
_c492301 _d492301 |
||